LIBRARY & INFORMATION CENTRE, KCAET, TAVANUR

ONLINE PUBLIC ACCESS CATALOGUE (OPAC)

Smruthimadhuram (Record no. 17743)

MARC details
000 -LEADER
fixed length control field 00227nam a22001097a 4500
003 - CONTROL NUMBER IDENTIFIER
control field OSt
008 - FIXED-LENGTH DATA ELEMENTS--GENERAL INFORMATION
fixed length control field 231013b |||||||| |||| 00| 0 eng d
041 ## - LANGUAGE CODE
Language code of text/sound track or separate title mal
100 ## - MAIN ENTRY--AUTHOR NAME
Personal name Raja ,K K
245 ## - TITLE STATEMENT
Title Smruthimadhuram
942 ## - ADDED ENTRY ELEMENTS (KOHA)
Koha item type Books
Holdings
Withdrawn status Lost status Damaged status Home library Current library Date acquired Accession Number Koha item type
Withdrawn     KAUAET Malayalam University 13/10/2023 9386 Books
free website counter